[Event "NED Team Ch"]
[Site "NED"]
[Date "1987.??.??"]
[Round "?"]
[White "Timmerman, Gert Jan"]
[Black "Peek, Marcel"]
[Result "1-0"]
[WhiteElo "2310"]
[BlackElo "2225"]
[PlyCount "71"]
[EventDate "1987.??.??"]
[Source "www.chesslib.no"]
[SourceDate "2004.05.04"]

1. d4 Nf6 2. c4 g6 3. Nc3 d5 4. cxd5 Nxd5 5. Nf3 Bg7 6. Qb3 Nb6 7. Bg5 O-O 8. Rd1 c6 9. e3 Be6 10. Qc2 Nd5 11. Be2 Qa5 12. O-O Re8 13. e4 Nxc3 14. bxc3 Nd7 15. c4 Bg4 16. Be3 e5 17. d5 Bf8 18. Ng5 Bxe2 19. Qxe2 Qc7 20. Qf3 Nb8 21. Qh3 h6 22. Nf3 Kh7 23. Rd3 cxd5 24. Rxd5 Bg7 25. c5 Re7 26. Rfd1 Nc6 27. g4 Rae8 28. Bxh6 Bxh6 29. g5 Qc8 30. Qh4 Nb4 31. Rd6 Qxc5 32. gxh6 Nc6 33. Qf6 Kxh6 34. Ng5 Nd4 35. Nxf7+ Kh7 36. Qxg6# 1-0

[Event "Chessfriend.com"]
[Site "?"]
[Date "2003.12.03"]
[Round "1"]
[White "Irzhanov Timur"]
[Black "Bley Manfred"]
[Result "1-0"]
[WhiteElo "2274"]
[BlackElo "2228"]
[PlyCount "63"]
[EventDate "2003.??.??"]
[Source "www.chesslib.no"]
[SourceDate "2004.05.04"]

1. d4 d5 2. c4 c6 3. cxd5 cxd5 4. Nf3 g6 5. Nc3 Bg7 6. Bf4 Nc6 7. e3 Nf6 8. h3 O-O 9. Be2 Qb6 10. a3 Bf5 11. Na4 Qd8 12. O-O Rc8 13. b4 Ne4 14. Rc1 f6 15. Bh2 Re8 16. Nc5 Nxc5 17. Rxc5 a6 18. Qb3 e6 19. g4 Be4 20. Nd2 g5 21. Nxe4 dxe4 22. d5 Ne7 23. d6 Nc6 24. Qc4 Bf8 25. Rd1 Qd7 26. Qxe4 Kh8 27. h4 Bh6 28. hxg5 Bxg5 29. Bc4 Ra8 30. Bg3 e5 31. Kg2 Rad8 32. Bxa6 1-0

[Event "Novi Sad ol (Men)"]
[Site "Novi Sad YUG"]
[Date "1990.??.??"]
[Round "5"]
[White "Ker, Anthony F"]
[Black "Afriany, V."]
[Result "0-1"]
[WhiteElo "2295"]
[BlackElo "2205"]
[PlyCount "130"]
[EventDate "1990.11.??"]
[Source "www.chesslib.no"]
[SourceDate "2004.05.04"]

1. d4 Nf6 2. c4 g6 3. Nc3 d5 4. cxd5 Nxd5 5. Nf3 Bg7 6. Qb3 Nxc3 7. bxc3 O-O 8. e3 c5 9. Be2 Nc6 10. O-O cxd4 11. cxd4 Rb8 12. Ba3 Be6 13. Qa4 a6 14. Bc5 Bd7 15. Qc2 b6 16. Ba3 Rc8 17. Qd2 b5 18. Rac1 Re8 19. Rc2 Bf5 20. Rc5 e6 21. Rcc1 Be4 22. Rfd1 Qa5 23. Qxa5 Nxa5 24. Bb4 Nc4 25. Bxc4 Rxc4 26. Rxc4 bxc4 27. Nd2 Bd3 28. Rc1 Rb8 29. a3 Bf8 30. Bxf8 Kxf8 31. g3 Ke7 32. Kg2 Rc8 33. Rc3 Kd6 34. f3 f5 35. Kf2 e5 36. dxe5+ Kxe5 37. Ke1 g5 38. f4+ gxf4 39. gxf4+ Kd5 40. Nf3 Rb8 41. Ne5 Rb1+ 42. Kd2 Rb2+ 43. Kc1 Rxh2 44. Nxd3 cxd3 45. Rxd3+ Ke4 46. Rd6 Kxe3 47. Rxa6 Kxf4 48. Rb6 h5 49. Kd1 h4 50. Ke1 Kg4 51. Kf1 Ra2 52. a4 Rxa4 53. Rb3 h3 54. Kg1 f4 55. Rc3 f3 56. Rc2 Re4 57. Rc8 Kg3 58. Rg8+ Rg4 59. Rf8 h2+ 60. Kh1 f2 61. Rf7 Rf4 62. Rg7+ Kf3 63. Rg3+ Ke2 64. Rg2 Ke1 65. Rxf2 Kxf2 0-1

[Event "USIC-ch"]
[Site "Dresden"]
[Date "2000.06.21"]
[Round "2.4"]
[White "Vnukov, Anatolij"]
[Black "Stojkovic, Josip"]
[Result "1/2-1/2"]
[WhiteElo "2379"]
[BlackElo "2120"]
[PlyCount "64"]
[EventDate "2000.06.19"]
[Source "www.chesslib.no"]
[SourceDate "2004.05.04"]

1. d4 Nf6 2. c4 g6 3. Nc3 d5 4. cxd5 Nxd5 5. Bd2 Bg7 6. Nf3 c5 7. Rc1 Nxc3 8. Bxc3 cxd4 9. Bxd4 O-O 10. Bxg7 Qxd1+ 11. Rxd1 Kxg7 12. e3 Nc6 13. Bb5 Be6 14. a3 Rac8 15. Bxc6 Rxc6 16. Nd4 Rb6 17. Nxe6+ Rxe6 18. Rd7 Rb6 19. b4 a5 20. Rxe7 axb4 21. axb4 Rxb4 22. O-O Rc8 23. g3 Rc2 24. Kg2 b5 25. h4 h5 26. Rd7 Rbb2 27. Rd4 b4 28. g4 hxg4 29. Rxg4 Kh6 30. Kg3 Rc7 31. Rd1 Rb7 32. Kg2 b3 1/2-1/2

[Event "EYb14"]
[Site "?"]
[Date "2005.09.22"]
[Round "8"]
[White "Hamitevici Vladimir"]
[Black "Narmontas Matas"]
[Result "0-1"]
[WhiteElo "2242"]
[BlackElo "2220"]
[PlyCount "102"]
[EventDate "2005.??.??"]
[Source "www.chesslib.no"]
[SourceDate "2004.05.04"]

1. d4 c5 2. c3 Nf6 3. Nf3 cxd4 4. cxd4 g6 5. Bf4 Bg7 6. e3 Nc6 7. Nc3 d5 8. h3 O-O 9. Bd3 h6 10. O-O Be6 11. Qb3 b6 12. Qa4 Bd7 13. Bb5 Qe8 14. Ne5 Nxe5 15. Bxe5 Bxb5 16. Qxb5 e6 17. a4 a6 18. Qb3 Qd8 19. Rfc1 Ne8 20. Bh2 Nd6 21. Qb4 Nf5 22. Ne2 Ra7 23. Rc6 Qd7 24. Rac1 b5 25. a5 Qd8 26. Qc5 Ra8 27. Qb6 Qg5 28. Bf4 Qh4 29. Qb7 g5 30. Bh2 g4 31. hxg4 Qxg4 32. f3 Qg6 33. Kf2 Qg5 34. Bf4 Qh4+ 35. Kg1 Bf6 36. g4 Ne7 37. Rxa6 Rxa6 38. Qxa6 Qh3 39. Bg3 Ng6 40. Kf2 Bh4 41. Rg1 Bxg3+ 42. Rxg3 Qh2+ 43. Rg2 Qh1 44. Qxb5 Nh4 45. Nf4 Nxg2 46. Nxg2 Rc8 47. Qa4 Rc1 48. a6 Rg1 49. Ke2 Rxg2+ 50. Kd3 Qb1+ 51. Kc3 Qxb2+ 0-1

[Event "AUT-chT2O 0102"]
[Site "?"]
[Date "2002.01.19"]
[Round "6.2"]
[White "Sulyok Michael"]
[Black "Gugler Edgar"]
[Result "1/2-1/2"]
[WhiteElo "2236"]
[BlackElo "2225"]
[PlyCount "28"]
[EventDate "2002.??.??"]
[Source "www.chesslib.no"]
[SourceDate "2004.05.04"]

1. d4 Nf6 2. c4 c6 3. Nc3 d5 4. cxd5 cxd5 5. Nf3 Nc6 6. Bf4 g6 7. e3 Bg7 8. Be2 O-O 9. Ne5 Be6 10. Nxc6 bxc6 11. O-O Ne4 12. Nxe4 dxe4 13. Qc2 Qb6 14. Bc4 Bxc4 1/2-1/2

[Event "6. Open"]
[Site "?"]
[Date "2003.02.21"]
[Round "1"]
[White "Espasa Gonzalez Jaime"]
[Black "Alonso Salvador"]
[Result "1/2-1/2"]
[WhiteElo "2008"]
[BlackElo "2443"]
[PlyCount "95"]
[EventDate "2003.??.??"]
[Source "www.chesslib.no"]
[SourceDate "2004.05.04"]

1. c4 Nf6 2. Nc3 g6 3. d4 d5 4. cxd5 Nxd5 5. Nf3 Bg7 6. g3 O-O 7. Bg2 c5 8. e3 cxd4 9. exd4 Nxc3 10. bxc3 Qa5 11. Bb2 Nd7 12. O-O Nb6 13. Re1 Na4 14. Qb3 Be6 15. Qa3 Qb5 16. Bc1 Bf6 17. Ne5 Rac8 18. Bd2 Qb2 19. Qxb2 Nxb2 20. Rab1 Na4 21. Rxb7 Nxc3 22. Bxc3 Rxc3 23. Rxa7 Rfc8 24. Ra8 Rxa8 25. Bxa8 Ra3 26. Bg2 Rxa2 27. f4 Rd2 28. d5 Bxd5 29. Bxd5 Rxd5 30. Ng4 Bd4+ 31. Kg2 Bc5 32. Re2 Kg7 33. Ne5 h6 34. Nf3 g5 35. Re5 Rxe5 36. Nxe5 gxf4 37. gxf4 Bd6 38. Nd3 Kg6 39. Kf3 Kf5 40. h3 h5 41. Ke3 Bc7 42. Kf3 f6 43. Ke3 Ba5 44. Nc1 Bc3 45. Kf3 Ba5 46. Ke3 h4 47. Nd3 Bb6+ 48. Kf3 1/2-1/2

[Event "AUT-chT2M 9900"]
[Site "?"]
[Date "2000.02.12"]
[Round "8.4"]
[White "Obermayr Hermann"]
[Black "Riediger Martin"]
[Result "0-1"]
[WhiteElo "2179"]
[BlackElo "2266"]
[PlyCount "126"]
[EventDate "2000.??.??"]
[Source "www.chesslib.no"]
[SourceDate "2004.05.04"]

1. d4 Nf6 2. c4 g6 3. Nc3 d5 4. cxd5 Nxd5 5. Nf3 Bg7 6. Qb3 Nxc3 7. bxc3 O-O 8. e3 c5 9. Be2 b6 10. O-O Ba6 11. Bxa6 Nxa6 12. Rd1 Rb8 13. Bb2 Qc7 14. a4 Rbc8 15. Rac1 Nb8 16. h4 h5 17. Ba3 Nd7 18. e4 Bh6 19. Rb1 Rfe8 20. e5 cxd4 21. e6 fxe6 22. Qxe6+ Kg7 23. cxd4 Qc6 24. Qh3 Qxa4 25. Bb2 Rc2 26. Re1 Nf6 27. Ne5 Kh7 28. Qe6 Rf8 29. Qxe7+ Bg7 30. Ra1 Qe8 31. Qa3 Qc8 32. Qb3 Qf5 33. Nf3 Nd5 34. Rxa7 Kh8 35. Qb5 Nf4 36. Qxf5 Rxf5 37. Ra8+ Rf8 38. Rxf8+ Bxf8 39. Ba1 Nd3 40. Re8 Kg7 41. Kh2 Bd6+ 42. Ne5 Rc1 43. Rd8 Nxf2 44. Rd7+ Kh6 45. Bb2 Rb1 46. Bc3 Bxe5+ 47. dxe5 Rh1+ 48. Kg3 Ne4+ 49. Kf3 Nxc3 50. Rd3 Rf1+ 51. Ke3 Re1+ 52. Kd4 Rd1 53. Kxc3 Rxd3+ 54. Kxd3 Kg7 55. Kc4 Kf7 56. Kb5 Ke6 57. Kxb6 Kxe5 58. Kc5 Kf4 59. Kd5 Kg3 60. Ke5 Kxg2 61. Kf6 Kh3 62. Kxg6 Kxh4 63. Kf5 Kg3 0-1

[Event "OL_Krumb-Ingolst"]
[Site "?"]
[Date "2002.??.??"]
[Round "3"]
[White "Straub Juergen"]
[Black "Riefner Edwin"]
[Result "1/2-1/2"]
[WhiteElo "2220"]
[BlackElo "2225"]
[PlyCount "50"]
[EventDate "2002.??.??"]
[Source "www.chesslib.no"]
[SourceDate "2004.05.04"]

1. d4 Nf6 2. c4 g6 3. Nc3 d5 4. cxd5 Nxd5 5. Bd2 Bg7 6. Nf3 c5 7. Rc1 Nxc3 8. Bxc3 cxd4 9. Bxd4 Qa5+ 10. Qd2 Qxd2+ 11. Nxd2 Bxd4 12. Rxc8+ Kd7 13. Rc2 Rc8 14. Nc4 Nc6 15. e3 Bf6 16. Be2 Ne5 17. O-O Nxc4 18. Bxc4 e6 19. Rfc1 Ke7 20. b3 Be5 21. Be2 Rxc2 22. Rxc2 Rd8 23. f4 Bd6 24. Kf2 h5 25. g3 Rd7 1/2-1/2

[Event "Oberliga Ost B9899"]
[Site "GER"]
[Date "1999.??.??"]
[Round "?"]
[White "Traudes, Wolfgang"]
[Black "Lange, Klaus"]
[Result "1-0"]
[WhiteElo "2210"]
[BlackElo "2225"]
[PlyCount "89"]
[EventDate "1998.??.??"]
[Source "www.chesslib.no"]
[SourceDate "2004.05.04"]

1. d4 d5 2. Nf3 Nf6 3. c4 c6 4. cxd5 cxd5 5. Nc3 Nc6 6. Bf4 g6 7. e3 Bg7 8. Bd3 O-O 9. h3 b6 10. O-O Bf5 11. Ne5 Nxe5 12. Bxe5 Bxd3 13. Qxd3 Qd7 14. Rfc1 Rfc8 15. Bxf6 Bxf6 16. Qb5 Qxb5 17. Nxb5 e6 18. Nc7 Rab8 19. Rc3 Bd8 20. Rac1 Bxc7 21. Rxc7 Rxc7 22. Rxc7 a5 23. Kf1 Kf8 24. Ke2 Ke8 25. Kd3 Rd8 26. Rb7 Rd6 27. Kc3 Rc6+ 28. Kb3 h5 29. h4 Kf8 30. a3 f6 31. Ka4 e5 32. b3 exd4 33. exd4 Ke8 34. g3 f5 35. b4 f4 36. gxf4 axb4 37. axb4 Rc4 38. Rxb6 Rxd4 39. Rxg6 Rxf4 40. Rg5 d4 41. Rxh5 Ke7 42. Kb3 Kd6 43. b5 d3 44. Kc3 Rf3 45. Rg5 1-0

[Event "9th Open, Nikea GRE"]
[Site "?"]
[Date "2001.??.??"]
[Round "3"]
[White "Katsiris, I."]
[Black "Gesos, P."]
[Result "1/2-1/2"]
[WhiteElo "2085"]
[BlackElo "2350"]
[PlyCount "95"]
[EventDate "2001.??.??"]
[Source "www.chesslib.no"]
[SourceDate "2004.05.04"]

1. d4 Nf6 2. c4 g6 3. Nc3 d5 4. cxd5 Nxd5 5. Nf3 Bg7 6. Qb3 Nxc3 7. bxc3 O-O 8. e3 c5 9. Be2 Nc6 10. O-O Qc7 11. Ba3 Be6 12. Qc2 Bf5 13. e4 Bg4 14. Bxc5 b6 15. Ba3 Bxf3 16. Bxf3 Nxd4 17. Qd3 Nxf3+ 18. Qxf3 Qxc3 19. Qxc3 Bxc3 20. Rac1 Rac8 21. Bxe7 Rfe8 22. Bg5 Rxe4 23. Rfd1 Kg7 24. Be3 Rec4 25. Rd7 b5 26. Rxa7 b4 27. g3 Kf6 28. Rd1 R8c7 29. Rxc7 Rxc7 30. Rd6+ Ke7 31. Ra6 Kd7 32. Kf1 Rc6 33. Rxc6 Kxc6 34. Ke2 Kd5 35. Kd3 Be5 36. h3 f5 37. g4 fxg4 38. hxg4 h5 39. gxh5 gxh5 40. Bg5 Bd4 41. Bh4 Bc5 42. f3 Bd6 43. Be1 Be7 44. Ke3 Ke5 45. f4+ Kf5 46. Kf3 Bd6 47. Bd2 h4 48. Be1 1/2-1/2

[Event "Moscow olw"]
[Site "Moscow"]
[Date "1994.??.??"]
[Round "11"]
[White "Mai Thi Thanh Houng"]
[Black "Basagic, Vesna"]
[Result "1-0"]
[WhiteElo "2075"]
[BlackElo "2355"]
[PlyCount "77"]
[EventDate "1994.11.??"]
[Source "www.chesslib.no"]
[SourceDate "2004.05.04"]

1. d4 g6 2. Nf3 Bg7 3. Bf4 c5 4. c3 cxd4 5. cxd4 Nc6 6. e3 d5 7. Nc3 Nf6 8. Be2 Nh5 9. Bg3 Nxg3 10. hxg3 O-O 11. O-O e6 12. Rc1 Bd7 13. Na4 Be8 14. Nc5 Qe7 15. Qb3 Rb8 16. Rc2 f5 17. Rfc1 g5 18. Nd3 g4 19. Nfe5 h5 20. Nxc6 Bxc6 21. Qb4 Qe8 22. Ne5 Bxe5 23. dxe5 Rf7 24. Qf4 Qe7 25. b4 a6 26. Bxa6 Ra8 27. Be2 Ra4 28. Rb2 h4 29. Bd1 Ra8 30. b5 Be8 31. Be2 hxg3 32. fxg3 Qa3 33. Rbc2 Ra4 34. Qh6 d4 35. Rc8 Rf8 36. exd4 Bf7 37. Qg5+ Kh7 38. Kf2 Bg6 39. R8c7+ 1-0

[Event "IPCA World Cup"]
[Site "?"]
[Date "2003.08.05"]
[Round "5"]
[White "Medic Miljenko"]
[Black "Kocur Walter"]
[Result "1-0"]
[WhiteElo "2306"]
[BlackElo "2120"]
[PlyCount "123"]
[EventDate "2003.??.??"]
[Source "www.chesslib.no"]
[SourceDate "2004.05.04"]

1. d4 Nf6 2. c4 g6 3. Nc3 d5 4. cxd5 Nxd5 5. Bd2 Bg7 6. Nf3 O-O 7. Rc1 Nb6 8. Bg5 Nc6 9. e3 Be6 10. Be2 f6 11. Bh4 Bf7 12. O-O Nb4 13. b3 a5 14. Qd2 c6 15. Ne4 N4d5 16. Nc5 Ra7 17. e4 Nc7 18. Rfd1 e6 19. e5 Nbd5 20. Ne4 Ne8 21. Bc4 Bh8 22. exf6 Nexf6 23. Qg5 Be8 24. Qe5 Bd7 25. Nc5 Re8 26. Re1 b6 27. Nxd7 Rxd7 28. a4 Rb7 29. Bxd5 cxd5 30. Rc6 Qd7 31. Rxe6 Qxe6 32. Qxe6+ Rxe6 33. Rxe6 Kf7 34. Ng5+ Kg8 35. Rd6 b5 36. Rd8+ Kg7 37. Ne6+ Kf7 38. Nc5 Re7 39. f3 bxa4 40. bxa4 Re8 41. Bxf6 Bxf6 42. Rd7+ Re7 43. Rxd5 Re1+ 44. Kf2 Rd1 45. Nb3 Rb1 46. Rb5 Rb2+ 47. Kg3 Bd8 48. Rb7+ Kf6 49. Nc5 Rb4 50. Rxb4 axb4 51. Kf4 Bc7+ 52. Ke4 Bxh2 53. a5 Bb8 54. a6 Ke7 55. Kd3 Kd6 56. Kc4 Ba7 57. Kxb4 Kd5 58. Kc3 g5 59. g4 Bb6 60. Kd3 Ba7 61. Ne4 h6 62. Nf6+ 1-0

[Event "FRA-chT2S 9798"]
[Site "?"]
[Date "1998.??.??"]
[Round "11"]
[White "Kesmaker Pierre"]
[Black "Chaudagne Christophe"]
[Result "1-0"]
[WhiteElo "2335"]
[BlackElo "2075"]
[PlyCount "79"]
[EventDate "1998.??.??"]
[Source "www.chesslib.no"]
[SourceDate "2004.05.04"]

1. d4 Nf6 2. c4 g6 3. Nc3 d5 4. cxd5 Nxd5 5. Nf3 Bg7 6. Bd2 O-O 7. Rc1 Nb6 8. e3 Nc6 9. Bb5 Bd7 10. O-O a6 11. Be2 e5 12. d5 Ne7 13. Qb3 Nf5 14. Rfd1 Re8 15. Be1 e4 16. Nd2 Nd6 17. Qc2 f5 18. Nb3 Be5 19. Bf1 Rf8 20. Ne2 Ne8 21. Nc5 Rb8 22. Nf4 Qe7 23. Qb3 Bd6 24. Nxd7 Nxd7 25. Ne6 Rf7 26. Rc2 Nef6 27. Rdc1 Nb6 28. Nxc7 Qe5 29. f4 exf3 30. Bg3 f4 31. Bxf4 Qe7 32. Qxb6 Bxf4 33. exf4 Ng4 34. gxf3 Nxh2 35. Rxh2 Rc8 36. d6 Qf6 37. Bc4 Qxf4 38. Bxf7+ Kxf7 39. Qb3+ Kf8 40. Ne6+ 1-0

[Event "EYg16"]
[Site "?"]
[Date "2005.09.22"]
[Round "8"]
[White "Huseynova Sahar"]
[Black "Gunina Valentina"]
[Result "0-1"]
[WhiteElo "2012"]
[BlackElo "2394"]
[PlyCount "90"]
[EventDate "2005.??.??"]
[Source "www.chesslib.no"]
[SourceDate "2004.05.04"]

1. d4 d5 2. c4 c6 3. cxd5 cxd5 4. Nc3 Nf6 5. Nf3 Nc6 6. Bf4 g6 7. e3 Bg7 8. Bb5 O-O 9. O-O Bd7 10. Rc1 Rc8 11. Ne5 Nh5 12. Nxd7 Qxd7 13. Bg3 Nxg3 14. hxg3 a6 15. Be2 e6 16. Qd2 b5 17. a4 b4 18. Nb1 Qb7 19. Qd3 Ra8 20. Nd2 e5 21. Nb3 Rfc8 22. Rfd1 exd4 23. exd4 Qd7 24. Bf3 Qd6 25. Rc5 Ne7 26. Rdc1 Re8 27. Na5 Bh6 28. R1c2 Qf6 29. Re2 Nf5 30. Nb3 Re6 31. Rxd5 Rae8 32. Rc5 Rxe2 33. Bxe2 Nxg3 34. Rc2 Nf5 35. Qxa6 Qh4 36. Rc8 Rxc8 37. Qxc8+ Kg7 38. Qc2 Ng3 39. f4 Bxf4 40. Qd3 Nh1 41. Qf3 Qe1+ 42. Bf1 Ng3 43. Nc5 Be3+ 44. Kh2 Nxf1+ 45. Kh3 Bxd4 0-1

[Event "Pardubice"]
[Site "?"]
[Date "2006.07.26"]
[Round "6.173"]
[White "Blodstein Boris"]
[Black "Serban Vlad Ioan"]
[Result "1-0"]
[WhiteElo "2254"]
[BlackElo "2127"]
[PlyCount "104"]
[EventDate "2006.??.??"]
[Source "www.chesslib.no"]
[SourceDate "2004.05.04"]

1. d4 Nf6 2. c4 g6 3. Nc3 d5 4. cxd5 Nxd5 5. Nf3 Bg7 6. Bd2 O-O 7. Rc1 Nc6 8. e4 Nb6 9. d5 Nb8 10. Bf4 c6 11. Qb3 cxd5 12. Nxd5 Nxd5 13. exd5 Na6 14. Bb5 Bd7 15. O-O Bxb5 16. Qxb5 Qb6 17. Qe2 Nb4 18. Qc4 a5 19. a3 Na6 20. Rc2 Qf6 21. Be3 Qf5 22. Rd2 Rac8 23. Qb5 Nc7 24. Qb3 b5 25. Rfd1 Ne8 26. Bd4 Nd6 27. Bxg7 Kxg7 28. Nd4 Qd7 29. Re2 Rc7 30. Nc6 Re8 31. Nxa5 Qg4 32. f3 Qg5 33. Nc6 e5 34. Rde1 f6 35. Qb4 Rd7 36. f4 Qg4 37. fxe5 Qxb4 38. exf6+ Kxf6 39. Nxb4 Rxe2 40. Rxe2 Kf5 41. Kf2 Nc4 42. h3 Nb6 43. Nc6 Kg5 44. Re5+ Kh6 45. Nb4 Nc4 46. Re2 Kg5 47. g3 Kf5 48. Kf3 h5 49. Nc6 Kg5 50. Ke4 Nd6+ 51. Ke5 Nf5 52. Nd4 Nxg3 1-0

[Event "Ch Moravia Open"]
[Site "Frydek-Mistek (Czech Republic"]
[Date "1996.??.??"]
[Round "8"]
[White "Mikhalenko Andrey"]
[Black "Sysala Stanislav"]
[Result "1-0"]
[WhiteElo "2185"]
[BlackElo "2195"]
[PlyCount "48"]
[EventDate "1996.??.??"]
[Source "www.chesslib.no"]
[SourceDate "2004.05.04"]

1. d4 Nf6 2. c4 g6 3. Nc3 d5 4. cxd5 Nxd5 5. Bd2 Bg7 6. Nf3 O-O 7. e4 Nxc3 8. Bxc3 c5 9. d5 Qc7 10. Qd2 Nd7 11. Bxg7 Kxg7 12. Qc3+ Kg8 13. Bd3 Re8 14. O-O e5 15. Rac1 a6 16. a4 b6 17. Qd2 Qd6 18. Qe3 Bb7 19. Nd2 Rac8 20. Qe2 a5 21. Bb5 Nf6 22. Nc4 Qc7 23. d6 Qd8 24. Bxe8 Qxe8 1-0

[Event "chT-POL"]
[Site "?"]
[Date "2000.09.12"]
[Round "10"]
[White "Jalowiec Halina"]
[Black "Bednarska Malgorzata"]
[Result "0-1"]
[WhiteElo "2142"]
[BlackElo "2236"]
[PlyCount "60"]
[EventDate "2000.??.??"]
[Source "www.chesslib.no"]
[SourceDate "2004.05.04"]

1. d4 Nf6 2. c4 g6 3. Nc3 d5 4. cxd5 Nxd5 5. Bd2 Bg7 6. Nf3 O-O 7. e4 Nb6 8. Be3 Nc6 9. Be2 Bg4 10. d5 Na5 11. Bd4 Bxf3 12. gxf3 c5 13. Bxc5 Nac4 14. Qb3 Nxb2 15. Rc1 Rc8 16. Qb4 Qc7 17. Nb5 Qf4 18. Rc2 Nxd5 19. Qb3 a6 20. Na7 Rxc5 21. Rxc5 Nc7 22. Qxb7 Ne6 23. Rc8 Bf6 24. Rxf8+ Kxf8 25. Qc8+ Kg7 26. Kf1 Bd4 27. Qc2 Qh4 28. Bxa6 Qh3+ 29. Ke1 Qxf3 30. Rg1 Bxf2+ 0-1

[Event "BL2-N9798"]
[Site "Germany"]
[Date "1998.??.??"]
[Round "6.8"]
[White "Lindner, Daniel"]
[Black "Gieritz, Dietmar"]
[Result "0-1"]
[WhiteElo "2200"]
[BlackElo "2165"]
[PlyCount "114"]
[EventDate "1997.10.??"]
[Source "www.chesslib.no"]
[SourceDate "2004.05.04"]

1. d4 Nf6 2. c4 g6 3. Nc3 d5 4. cxd5 Nxd5 5. Bd2 Bg7 6. Nf3 O-O 7. e3 c5 8. Rc1 cxd4 9. Nxd4 Nb6 10. Ncb5 e5 11. Nb3 Nc6 12. Na5 Qf6 13. Nxc6 bxc6 14. Na3 Bb7 15. Bc4 c5 16. O-O Rad8 17. Qe2 Qc6 18. f3 e4 19. Bc3 exf3 20. gxf3 Bh6 21. Rce1 Nd5 22. Bxd5 Rxd5 23. Nc4 Rg5+ 24. Kh1 Qe6 25. b3 Re8 26. Ba1 Qh3 27. e4 Rh5 28. Rf2 Rd8 29. Rd1 Bg5 30. Rd6 Be7 31. Rxd8+ Bxd8 32. Qd3 Be7 33. Qc3 f6 34. Qe3 Qe6 35. Qf4 Ba6 36. Qc1 g5 37. Rg2 Rh3 38. Nd2 Kf7 39. Qc3 h5 40. Bb2 Bd6 41. Qa5 Be7 42. Qc7 g4 43. Qf4 Bd3 44. Rg3 Bd6 45. e5 Rxg3 46. hxg3 Bxe5 47. Bxe5 Qxe5 48. Qxe5 fxe5 49. fxg4 hxg4 50. Kg1 Ke6 51. Kf2 Kd5 52. Ke3 e4 53. a3 a5 54. a4 Bc2 55. Kf4 Kd4 56. Kxg4 Bd1+ 57. Kf4 e3 0-1

[Event "Stulik mem"]
[Site "?"]
[Date "2001.05.10"]
[Round "5"]
[White "Keller Daniel"]
[Black "Mikuev Erentsen"]
[Result "1-0"]
[WhiteElo "2114"]
[BlackElo "2242"]
[PlyCount "103"]
[EventDate "2001.??.??"]
[Source "www.chesslib.no"]
[SourceDate "2004.05.04"]

1. d4 Nf6 2. c4 g6 3. Nc3 d5 4. cxd5 Nxd5 5. Nf3 Bg7 6. Bg5 h6 7. Bh4 c5 8. e3 g5 9. Bg3 Nc6 10. Bb5 Bg4 11. Qb3 Bxf3 12. gxf3 Nxc3 13. bxc3 cxd4 14. cxd4 O-O 15. h4 Qa5+ 16. Kf1 Nb4 17. Qa4 Qxa4 18. Bxa4 gxh4 19. Rxh4 Nd5 20. Bb3 Rfd8 21. Rc1 e6 22. Ke2 a5 23. Rh5 b5 24. Rc5 b4 25. Bxd5 Rxd5 26. Rhxd5 exd5 27. Kd3 a4 28. Kc2 Bf8 29. Rxd5 b3+ 30. Kb2 Rc8 31. axb3 a3+ 32. Kb1 Rc3 33. Rb5 Rd3 34. Kc2 a2 35. Ra5 Rd2+ 36. Kxd2 Bb4+ 37. Kc2 Bxa5 38. Kb2 Kf8 39. Kxa2 Ke7 40. Ka3 Kd7 41. Ka4 Bc7 42. Kb5 f5 43. Kc5 h5 44. d5 f4 45. exf4 Bd8 46. f5 h4 47. Bh2 h3 48. d6 Bh4 49. Kd5 Bf6 50. b4 Bd8 51. f4 Ba5 52. f6 1-0

[Event "Regionalliga SW 0203"]
[Site "?"]
[Date "2003.01.26"]
[Round "5.2"]
[White "Hoy Bernd"]
[Black "Krulich Roman"]
[Result "1-0"]
[WhiteElo "2155"]
[BlackElo "2181"]
[PlyCount "61"]
[EventDate "2003.??.??"]
[Source "www.chesslib.no"]
[SourceDate "2004.05.04"]

1. Nf3 Nf6 2. c4 g6 3. Nc3 d5 4. cxd5 Nxd5 5. d4 Bg7 6. Na4 O-O 7. e4 Nb6 8. Nc5 Nc6 9. Be3 e5 10. d5 Ne7 11. Be2 h6 12. Qb3 Kh7 13. Rd1 Qd6 14. O-O f5 15. Ne6 Bxe6 16. dxe6 Qc6 17. exf5 gxf5 18. Rc1 Qe4 19. Nd2 Qh4 20. Rxc7 Nbd5 21. Rxb7 e4 22. Bc5 Rae8 23. Bc4 Nf4 24. g3 Qg5 25. Bxe7 Rxe7 26. Rxe7 Qxe7 27. gxf4 Bd4 28. Kh1 Qc7 29. Qb5 Bg7 30. Qd7 Qxf4 31. e7 1-0

[Event "Ch World (juniors)"]
[Site "Warsaw POL"]
[Date "1991.??.??"]
[Round "?"]
[White "Bilciu Claudia"]
[Black "Vijayalakshimi Subbaraman (IN"]
[Result "0-1"]
[WhiteElo "2145"]
[BlackElo "2155"]
[PlyCount "74"]
[EventDate "1991.??.??"]
[Source "www.chesslib.no"]
[SourceDate "2004.05.04"]

1. d4 Nf6 2. c4 g6 3. Nc3 d5 4. cxd5 Nxd5 5. Bd2 Bg7 6. Nf3 O-O 7. e4 Nxc3 8. Bxc3 Bg4 9. Be2 Nc6 10. d5 Bxc3+ 11. bxc3 Bxf3 12. Bxf3 Ne5 13. O-O f5 14. exf5 Nxf3+ 15. gxf3 Rxf5 16. c4 Qd6 17. Qe2 Rg5+ 18. Kh1 Re5 19. Qd2 Rh5 20. f4 Rf8 21. Rg1 Qxf4 22. Qxf4 Rxf4 23. Rg2 Rxc4 24. Re1 Kf7 25. Rg3 Rxd5 26. Rge3 e5 27. Rxe5 Rxe5 28. Rxe5 b6 29. Re2 a5 30. Kg2 a4 31. Kf3 b5 32. Ke3 c5 33. Rb2 b4 34. Kd3 Rc3+ 35. Ke2 a3 36. Rd2 Ke7 37. f4 c4 0-1

[Event "OL_MueSendl-Pang1"]
[Site "?"]
[Date "2001.??.??"]
[Round "6"]
[White "Taimanov Alexandre"]
[Black "Keller Manfred[45Pang"]
[Result "0-1"]
[WhiteElo "2145"]
[BlackElo "2143"]
[PlyCount "60"]
[EventDate "2001.??.??"]
[Source "www.chesslib.no"]
[SourceDate "2004.05.04"]

1. c4 Nf6 2. d4 g6 3. Nc3 d5 4. cxd5 Nxd5 5. Nf3 Bg7 6. Qb3 Nxc3 7. bxc3 O-O 8. e4 c5 9. Bb2 cxd4 10. cxd4 Nc6 11. d5 Qa5+ 12. Nd2 Nd4 13. Qd3 Nf3+ 14. gxf3 Bxb2 15. Rb1 Be5 16. Qe3 Qc7 17. Nc4 Bf4 18. Qd4 b5 19. Rxb5 Ba6 20. Rc5 Qb7 21. Nd2 Rfc8 22. Bxa6 Qxa6 23. Rc6 Qxa2 24. Nc4 Qb1+ 25. Qd1 Qb4+ 26. Nd2 Rxc6 27. dxc6 Rd8 28. O-O Qxd2 29. Qa4 Bb8 30. Qa6 Qg5+ 0-1

[Event "Werther Schloss op 6th"]
[Site "Werther"]
[Date "2000.04.15"]
[Round "3"]
[White "Cohrs, Christopher"]
[Black "Sjoestroem, Olle"]
[Result "1/2-1/2"]
[WhiteElo "2213"]
[BlackElo "2063"]
[PlyCount "105"]
[EventDate "2000.04.14"]
[Source "ChessBase"]
[SourceDate "2000.05.11"]

1. d4 Nf6 2. c4 g6 3. Nc3 d5 4. cxd5 Nxd5 5. Nf3 Bg7 6. Qb3 Nb6 7. e4 Bxd4 8. Nxd4 Qxd4 9. Be3 Qf6 10. Rd1 O-O 11. Be2 c6 12. h4 Be6 13. Qc2 Bc4 14. h5 Bxe2 15. Qxe2 Na6 16. Qg4 Rad8 17. O-O Nc4 18. Bc1 Nc5 19. Bg5 Qe5 20. f4 Qc7 21. Qe2 b5 22. b3 Rxd1 23. Rxd1 Nd6 24. b4 Ne6 25. Bh6 Ng7 26. f5 Nc4 27. Rf1 Qe5 28. Rf3 Rd8 29. Rd3 Rxd3 30. Qxd3 Qd6 31. Qh3 gxf5 32. Bxg7 Kxg7 33. exf5 Qd4+ 34. Kh1 Nd2 35. Ne2 Qa1+ 36. Ng1 h6 37. Qe3 Qxa2 38. Qe5+ Kh7 39. Qxe7 Qc4 40. Qd8 Nf1 41. Qc7 Qh4+ 42. Nh3 Qxh5 43. f6 Ne3 44. Qxa7 Ng4 45. Qd4 Qf5 46. Ng1 Nxf6 47. Nf3 Ng4 48. Qd6 Qd5 49. Qf4 Qe6 50. Qd4 Qg6 51. Qf4 Nf2+ 52. Kh2 Nd3 53. Qd4 1/2-1/2

[Event "Corsico op"]
[Site "Corsico"]
[Date "1997.??.??"]
[Round "1"]
[White "Radice, Luca"]
[Black "Ubezio, Marco"]
[Result "1/2-1/2"]
[WhiteElo "2075"]
[BlackElo "2180"]
[PlyCount "45"]
[EventDate "1997.??.??"]
[Source "www.chesslib.no"]
[SourceDate "2004.05.04"]

1. d4 Nf6 2. c4 c6 3. Nc3 d5 4. cxd5 cxd5 5. Nf3 g6 6. Bf4 Nc6 7. e3 Bg7 8. Bd3 O-O 9. h3 Qb6 10. Qe2 Nb4 11. Bb1 Qa5 12. O-O b6 13. Rc1 Ba6 14. Qd1 Rfc8 15. Ne5 Bb7 16. a3 Qa6 17. Nxf7 Kxf7 18. axb4 Qc4 19. b5 Qb4 20. Ra4 Qxb2 21. Ra2 Qb4 22. Ra4 Qb2 23. Ra2 1/2-1/2